Every Song by Grand Funk Railroad - Statistics

General Stats
  • This quiz has been taken 3 times
  • The average score is 8 of 129
Answer Stats
Album Song % Correct
We're an American Band(1973) We're an American Band
100%
E Pluribus Funk(1971) Footstompin' Music
67%
Closer to Home(1970) I'm Your Captain (Closer to Home)
67%
Grand Funk(1969) Paranoid
67%
Shinin' On(1974) Shinin' On
67%
Closer to Home(1970) Aimless Lady
33%
All the Girls in the World Beware!!!(1974) All the Girls in the World Beware
33%
On Time(1969) Are You Ready?
33%
All the Girls in the World Beware!!!(1974) Bad Time
33%
On Time(1969) Heartbreaker
33%
On Time(1969) High on a Horse
33%
Live Album(1970) Introduction
33%
E Pluribus Funk(1971) Loneliness
33%
Grand Funk(1969) Mr. Limousine Driver
33%
E Pluribus Funk(1971) People, Let's Stop the War
33%
Grand Funk Lives(1981) Queen Bee
33%
All the Girls in the World Beware!!!(1974) Some Kind of Wonderful
33%
Shinin' On(1974) The Loco-Motion
33%
Good Singin', Good Playin'(1976) 1976
0%
We're an American Band(1973) Ain't Got Nobody
0%
Survival(1971) All You've Got Is Money
0%
On Time(1969) Anybody's Answer
0%
Born to Die(Bonus)(1976) Bare Naked Woman
0%
Good Singin', Good Playin'(1976) Big Buns
0%
We're an American Band(1973) Black Licorice
0%
What's Funk?(1983) Borderline
0%
Born to Die(1976) Born to Die
0%
On Time(1969) Call Yourself a Man
0%
On Time(1969) Can't Be Too Long
0%
Grand Funk Lives(1981) Can't Be with You Tonight
0%
Good Singin', Good Playin'(1976) Can You Do It
0%
Shinin' On(1974) Carry Me Through
0%
Survival(1971) Comfort Me
0%
Survival(1971) Country Road
0%
We're an American Band(1973) Creepin'
0%
Good Singin', Good Playin'(1976) Crossfire
0%
Thirty Years of Funk: 1969–1999(1999) Destitute & Losin'
0%
Good Singin', Good Playin'(1976) Don't Let 'Em Take Your Gun
0%
What's Funk?(1983) Don't Lie to Me
0%
Born to Die(1976) Dues
0%
What's Funk?(1983) El Salvador
0%
Phoenix(1972) Flight of the Phoenix
0%
Phoenix(1972) Freedom Is for Children
0%
Born to Die(1976) Genevieve
0%
Closer to Home(1970) Get It Together
0%
Thirty Years of Funk: 1969–1999(1999) Getting into the Sun
0%
Shinin' On(1974) Gettin' Over You
0%
Good Singin', Good Playin'(1976) Goin' for the Pastor
0%
All the Girls in the World Beware!!!(1974) Good & Evil
0%
Born to Die(1976) Good Things
0%
Grand Funk Lives(1981) Good Times
0%
Phoenix(1972) Gotta Find Me a Better Day
0%
Grand Funk(1969) Got This Thing on the Move
0%
Grand Funk Lives(1981) Greed of Man
0%
Monumental Funk(1974) Hey Everybody
0%
Grand Funk(1969) High Falootin' Woman
0%
Closer to Home(1970) Hooked on Love
0%
Thirty Years of Funk: 1969–1999(1999) Hooray
0%
Survival(1971) I Can Feel Him in the Morning
0%
Survival(Bonus)(1971) I Can't Get Along with Society
0%
E Pluribus Funk(1971) I Come Tumblin'
0%
Closer to Home(1970) I Don't Have to Sing the Blues
0%
Born to Die(1976) I Fell for Your Love
0%
Phoenix(1972) I Just Gotta Know
0%
What's Funk?(1983) I'm So True
0%
Grand Funk(1969) In Need
0%
What's Funk?(1983) Innocent
0%
On Time(1969) Into the Sun
0%
What's Funk?(1983) It's a Man's World
0%
Monumental Funk(1974) I've Got News for You
0%
Survival(1971) I Want Freedom
0%
Good Singin', Good Playin'(1976) Just Couldn't Wait
0%
All the Girls in the World Beware!!!(1974) Life
0%
What's Funk?(1983) Life in Outer Space
0%
Shinin' On(1974) Little Johnny Hooker
0%
We're an American Band(1973) Loneliest Rider
0%
All the Girls in the World Beware!!!(1974) Look at Granny Run Run
0%
Born to Die(1976) Love Is Dyin'
0%
Live Album(1970) Mark Says Alright
0%
Closer to Home(1970) Mean Mistreater
0%
All the Girls in the World Beware!!!(1974) Memories
0%
Good Singin', Good Playin'(1976) Miss My Baby
0%
Shinin' On(1974) Mr. Pretty Boy
0%
E Pluribus Funk(1971) No Lies
0%
Grand Funk Lives(1981) No Reason Why
0%
Grand Funk(Bonus)(1969) Nothing is the Same
0%
Closer to Home(1970) Nothing Is the Same
0%
What's Funk?(1983) Nowhere to Run
0%
Good Singin', Good Playin'(1976) Out to Get You
0%
Bosnia(1997) Overture
0%
Good Singin', Good Playin'(1976) Pass It Around
0%
Grand Funk(1969) Please Don't Worry
0%
Shinin' On(1974) Please Me
0%
Born to Die(1976) Politician
0%
Phoenix(1972) Rain Keeps Fallin'
0%
Good Singin', Good Playin'(1976) Release Your Love
0%
All the Girls in the World Beware!!!(1974) Responsibility
0%
Phoenix(1972) Rock 'N Roll Soul
0%
What's Funk?(1983) Rock & Roll American Style
0%
Good Singin', Good Playin'(Bonus)(1976) Rubberneck
0%
All the Girls in the World Beware!!!(1974) Runnin'
0%
Born to Die(1976) Sally
0%
E Pluribus Funk(1971) Save the Land
0%
Phoenix(1972) She Got to Move Me
0%
Closer to Home(1970) Sin's a Good Man's Brother
0%
Phoenix(1972) Someone
0%
Phoenix(1972) So You Won't Have to Die
0%
What's Funk?(1983) Still Waitin'
0%
We're an American Band(1973) Stop Lookin' Back
0%
Grand Funk Lives(1981) Stuck in the Middle
0%
Born to Die(1976) Take Me
0%
Born to Die(1976) Talk to the People
0%
Grand Funk Lives(1981) Testify
0%
Thirty Years of Funk: 1969–1999(1999) The End
0%
We're an American Band(1973) The Railroad
0%
On Time(1969) Time Machine
0%
On Time(1969) T.N.U.C.
0%
Shinin' On(1974) To Get Back In
0%
Phoenix(1972) Trying to Get Away
0%
On Time(1969) Ups and Downs
0%
E Pluribus Funk(1971) Upsetter
0%
Grand Funk Lives(1981) Wait for Me
0%
We're an American Band(1973) Walk Like a Man
0%
Grand Funk Lives(1981) We Gotta Get Out of This Place
0%
Monumental Funk(1974) We Gotta Have Love
0%
All the Girls in the World Beware!!!(1974) Wild
0%
Grand Funk(1969) Winter and My Soul
0%
Live Album(1970) Words of Wisdom
0%
Grand Funk Lives(1981) Y.O.U.
0%
No matching quizzes found
Score Distribution
Percent of People with Each Score
Percentile by Number Answered
Your Score History
You have not taken this quiz